Oddlženie fyzickej osoby
Inštitút oddlženia v insolvenčnom kódexe predstavuje nový prístup riešenia úpadku fyzickej osoby. Štyri fázy oddlženia fyzickej osoby. Fáza pred povolením oddlženia. Povolenie oddlženia. Fáza skúšobného obdobia. Fáza po uplynutí skúšobného obdobia.
Salvato in:
| Autore principale: | |
|---|---|
| Natura: | Capitolo di libro |
| Lingua: | slovacco |
| Soggetti: | |
| Tags: |
Nessun Tag, puoi essere il primo ad aggiungerne!!
|
MARC
| LEADER | 00000naa a2200000 4500 | ||
|---|---|---|---|
| 001 | 0123967 | ||
| 005 | 20240502072411.1 | ||
| 041 | 0 | |a slo | |
| 044 | |a SK | ||
| 245 | 1 | 0 | |a Oddlženie fyzickej osoby |c Matej Hodál |
| 520 | |a Inštitút oddlženia v insolvenčnom kódexe predstavuje nový prístup riešenia úpadku fyzickej osoby. Štyri fázy oddlženia fyzickej osoby. Fáza pred povolením oddlženia. Povolenie oddlženia. Fáza skúšobného obdobia. Fáza po uplynutí skúšobného obdobia. | ||
| 610 | 2 | 0 | |a zadlženosť |
| 610 | 2 | 0 | |a dlhy |
| 610 | 2 | 0 | |a oddlženie |
| 610 | 2 | 0 | |a osoby fyzické |
| 610 | 2 | 0 | |a legislatíva |
| 610 | 2 | 0 | |a konkurzy |
| 610 | 2 | 0 | |a právo obchodné |
| 100 | 1 | |a Hodál, Matej | |